| 000 | 00684nam a2200217Ia 4500 | ||
|---|---|---|---|
| 003 | OSt | ||
| 005 | 20250723120248.0 | ||
| 008 | 220923b |||||||| |||| 00| 0 eng d | ||
| 037 | _cReference | ||
| 040 |
_aRTL _cRTL _beng |
||
| 041 |
_2eng _aeng |
||
| 084 |
_aB3, L9/SC _qRTL |
||
| 100 |
_aBerberin, Sterling K. _916332 |
||
| 245 | 0 | _aLectures in functional analysis and operator theory | |
| 260 |
_a New Delhi _bNarosa Publishing House _c1979 |
||
| 300 |
_avii, 345 p. _bIncludes bibliographical references and index |
||
| 650 | _aFunctional analysis | ||
| 650 |
_aOperator theory _9816311 |
||
| 942 |
_hB3, L9/SC _cREF _2CC _n0 |
||
| 999 |
_c605299 _d605299 |
||